Divus Thomas: 1880-1886.

Elmentve itt :
Bibliográfiai részletek
Szerző: Kiss János
Adatforrás:Philobibl
Forrásdokumentuma:Bölcseleti Folyóirat
1.458-468. p.
Dokumentumtípus: Cikk
Nyelv:magyar
LEADER 00309nab a2200109 c 4500
001 bibDOK00013362
005 20200924120833.3
008 060518s1886 xx hun
100 1 |a Kiss János 
245 1 0 |a Divus Thomas: 1880-1886.  |c Kiss János 
500 |a Folyóiratismertetés 
773 0 |t Bölcseleti Folyóirat  |g 1.458-468. p.